|
|
|
|
| LEADER |
01809nam a2200421 a 4500 |
| 001 |
EBC3327251 |
| 003 |
MiAaPQ |
| 005 |
20200520144314.0 |
| 006 |
m o d | |
| 007 |
cr cn||||||||| |
| 008 |
831116s1984 inuc sb 001 0 eng d |
| 010 |
|
|
|z 83024893
|
| 020 |
|
|
|z 086597036X
|
| 020 |
|
|
|z 0865970378 (pbk.)
|
| 020 |
|
|
|z 9780865970373
|
| 020 |
|
|
|a 9781614878223 (electronic bk.)
|
| 035 |
|
|
|a (MiAaPQ)EBC3327251
|
| 035 |
|
|
|a (Au-PeEL)EBL3327251
|
| 035 |
|
|
|a (CaPaEBR)ebr10613366
|
| 035 |
|
|
|a (CaONFJC)MIL585879
|
| 035 |
|
|
|a (OCoLC)923211014
|
| 040 |
|
|
|a MiAaPQ
|c MiAaPQ
|d MiAaPQ
|
| 043 |
|
|
|a n-us---
|
| 050 |
|
4 |
|a HC105
|b .L43 1984
|
| 082 |
0 |
4 |
|a 338.973
|2 19
|
| 100 |
1 |
|
|a Leggett, William,
|d 1801-1839.
|
| 245 |
1 |
0 |
|a Democratick editorials
|h [electronic resource] :
|b essays in Jacksonian political economy /
|c by William Leggett ; compiled, edited, and with a foreword by Lawrence H. White.
|
| 260 |
|
|
|a Indianapolis, Ind. :
|b Liberty Press,
|c c1984.
|
| 300 |
|
|
|a xix, 410 p. :
|b port.
|
| 504 |
|
|
|a Includes bibliographical references and index.
|
| 505 |
0 |
|
|a pt. 1. The doctrine of equal rights -- pt. 2. Separation bank and state -- pt. 3. Abolition insolence -- pt. 4. The division of political classes -- pt. 5. The principles of free trade -- pt. 6. Literary property.
|
| 533 |
|
|
|a Electronic reproduction. Ann Arbor, MI : ProQuest, 2015. Available via World Wide Web. Access may be limited to ProQuest affiliated libraries.
|
| 651 |
|
0 |
|a United States
|x Economic policy
|y To 1933.
|
| 651 |
|
0 |
|a United States
|x Politics and government
|y 1815-1861.
|
| 655 |
|
4 |
|a Electronic books.
|
| 700 |
1 |
|
|a White, Lawrence H.
|q (Lawrence Henry)
|
| 710 |
2 |
|
|a ProQuest (Firm)
|
| 856 |
4 |
0 |
|u https://ebookcentral.proquest.com/lib/matrademy/detail.action?docID=3327251
|z Click to View
|